Gewinner des Ballon d'Or - Statistiken

Allgemein
  • Dieses Quiz wurde 374 mal gespielt
    70 seit der letzten Aktualisierung
  • Das Durchschnittsergebnis liegt bei 46 aus 69
Antwortstatistiken
Jahr Staatsangehörigkeit Gewinner % Korrekt
2009 Argentinien Lionel Messi
100%
2010 Argentinien Lionel Messi
100%
2011 Argentinien Lionel Messi
100%
2012 Argentinien Lionel Messi
100%
2015 Argentinien Lionel Messi
100%
2019 Argentinien Lionel Messi
100%
2021 Argentinien Lionel Messi
100%
2023 Argentinien Lionel Messi
100%
1997 Brasilianer Ronaldo
100%
2002 Brasilianer Ronaldo
100%
2008 Portugiesisch Cristiano Ronaldo
96%
2013 Portugiesisch Cristiano Ronaldo
96%
2014 Portugiesisch Cristiano Ronaldo
96%
2016 Portugiesisch Cristiano Ronaldo
96%
2017 Portugiesisch Cristiano Ronaldo
96%
2018 Kroatisch Luka Modric
96%
2025 Französisch Ousmane Dembélé
96%
2022 Französisch Karim Benzema
95%
2007 Brasilianer Kakà
91%
2024 Spanisch Rodri
91%
2005 Brasilianer Ronaldinho
89%
1972 Deutsch Franz Beckenbauer
88%
1976 Deutsch Franz Beckenbauer
88%
2003 Tschechisch Pavel Nedvěd
86%
1990 Deutsch Lothar Matthäus
84%
1998 Französisch Zinedine Zidane
84%
2000 Portugiesisch Luis Figo
82%
1995 Liberianisch George Weah
77%
1999 Brasilianer Rivaldo
77%
2006 Italienisch Fabio Cannavaro
75%
1957 Argentinien / Spanisch Alfredo Di Stéfano
74%
1959 Argentinien / Spanisch Alfredo Di Stéfano
74%
2004 Ukrainisch Andrij Ševčenko
74%
1988 Niederländisch Marco Van Basten
74%
1989 Niederländisch Marco Van Basten
74%
1992 Niederländisch Marco Van Basten
74%
1996 Deutsch Matthias Sammer
72%
2001 Englisch Michael Owen
72%
1971 Niederländisch Johan Cruyff
68%
1973 Niederländisch Johan Cruyff
68%
1974 Niederländisch Johan Cruyff
68%
1983 Französisch Michel Platini
67%
1984 Französisch Michel Platini
67%
1985 Französisch Michel Platini
67%
1987 Niederländisch Ruud Gullit
65%
1994 Bulgarisch Hristo Stoičkov
61%
1963 Sowjetisch Lev Jašin
61%
1993 Italienisch Roberto Baggio
58%
1966 Englisch Bobby Charlton
56%
1965 Portugiesisch Eusébio
56%
1968 Nordirisch George Best
56%
1980 Deutsch Karl-Heinz Rummenigge
56%
1981 Deutsch Karl-Heinz Rummenigge
56%
1970 Deutsch Gerd Müller
47%
1991 Französisch Jean-Pierre Papin
39%
1960 Spanisch Luis Suárez
39%
1978 Englisch Kevin Keegan
32%
1979 Englisch Kevin Keegan
32%
1956 Englisch Stanley Matthews
18%
1977 Dänisch Allan Simonsen
16%
1958 Französisch Raymond Kopa
16%
1964 Schottisch Denis Law
12%
1967 Ungarisch Flórián Albert
12%
1982 Italienisch Paolo Rossi
12%
1975 Sowjetisch Oleh Blochin
11%
1969 Italienisch Gianni Rivera
9%
1962 Tschechoslowakisch Josef Masopust
9%
1986 Sowjetisch Igor Belanov
7%
1961 Argentinien / Italienisch Omar Sivori
7%
Keine übereinstimmenden Quizze gefunden
Verteilung der Resultate
Anzahl Personen mit jedem Resultat
Perzentil nach korrekt beantworteten Fragen
Ihre Resultats-Entwicklung
Sie haben dieses Quiz seit der letzten Aktualisierung nicht gespielt